000 01066nam a22002657a 4500
005 20080922151225.0
008 080922t xxu||||| |||| 00| 0 eng d
010 _aENG-91015
020 _a9788120335318
_c375.00
035 _aEN-74548
037 _bDBAD / PUB
040 _adpl
_bEnglish
082 _a368.3200681
100 _aKutty, Shashidharan K.
245 _aManaging life insurance /
_cby Shashidharan K. Kutty
260 _aNew Delhi
_bPrentice Hall of India
_c2008
270 _aM-97, Connaught Circus,
_bNew Delhi
_e110001
300 _axii, 711p.:
_c22cm (Hb)
_bill.
500 _aIncludes bibliographical references and index
650 _aLife insurance
650 _aInsurance Companies
942 _2ddc
_cEN
_mKUT
_h368.3200681
999 _c15559
_d15559